| 000 | 00364nam a2200133 a 4500 | ||
|---|---|---|---|
| 005 | 20141022142003.0 | ||
| 008 | 120308s19uu xx 00 eng d | ||
| 050 |
_aCD _bH67 2003 |
||
| 100 | _aHogan, Mary Ann | ||
| 245 |
_aNutrition & diet therapy : _breview and rationales / _cMary Ann, Daryle Wane. |
||
| 260 | _c2003. | ||
| 700 | _aWayne, Daryle | ||
| 942 | _cAVM | ||
| 999 |
_c276375 _d276375 |
||